| 000 | 01133cam a22001934a 4500 | ||
|---|---|---|---|
| 005 | 20250605164120.0 | ||
| 008 | 250528s ||||||||||||||||||||||||d | ||
| 035 | _a18239 | ||
| 040 |
_aGR-AtMCL _bgre _dGR-AtMCL _eAACR2 |
||
| 245 | 1 | _aΑρχεία και Βάσεις Δεδομένων / Πληροφοριακά Συστήματα | |
| 260 |
_bΑθήνα, _c1989 |
||
| 300 | _a234 | ||
| 520 | _aΠρόλογος, Οργάνωση Δεδομένων, Σειριακή Οργάνωση, Σειριακό Αρχείο με Δείκτες, Η Οργάνωση Άμεσης Προσπέλασης, Επιλογή Μέσων και Μεθόδων Οργάνωσης Αρχείων, Ακεραιότητα και Ασφάλεια στα Αρχεία, Δομές Δεδομένων, Βάσεις Δεδομένων, Εισαγωγή στη dBASE III/ IV, Πληροφοριακά Συστήματα, Συστήματα Επεξεργασίας Δεδομένων, Βιβλιογραφία. | ||
| 700 | 1 |
_aΜαρινάκης Κ _94524 |
|
| 700 | 1 |
_aΤασόπουλος Α _94525 |
|
| 942 | _cBK | ||
| 999 |
_c3612 _d3612 |
||